Kaunseling individu pendekatan : (Record no. 138819)
[ view plain ]
| 000 -LEADER | |
|---|---|
| fixed length control field | 00877nam a2200265 i 4500 |
| 001 - CONTROL NUMBER | |
| control field | C2-0341858 |
| 003 - CONTROL NUMBER IDENTIFIER | |
| control field | PPAK |
| 005 - DATE AND TIME OF LATEST TRANSACTION | |
| control field | 20180728143408.0 |
| 008 - FIXED-LENGTH DATA ELEMENTS--GENERAL INFORMATION | |
| fixed length control field | 170618s2017 my a|||| ||||| | may d |
| 020 ## - INTERNATIONAL STANDARD BOOK NUMBER | |
| International Standard Book Number | 9789674403454 |
| 040 ## - CATALOGING SOURCE | |
| Original cataloging agency | PPAK |
| Language of cataloging | eng |
| Transcribing agency | PPAK |
| Description conventions | rda |
| 082 04 - DEWEY DECIMAL CLASSIFICATION NUMBER | |
| Classification number | 158.30222 |
| Edition number | 23 |
| 090 00 - LOCALLY ASSIGNED LC-TYPE CALL NUMBER (OCLC); LOCAL CALL NUMBER (RLIN) | |
| Classification number (OCLC) (R) ; Classification number, CALL (RLIN) (NR) | 158.30222 |
| Feature heading | AMI |
| Feature heading | G |
| 100 0# - MAIN ENTRY--PERSONAL NAME | |
| Personal name | Amin Al Haadi Shafie, |
| Relator term | author |
| 245 10 - TITLE STATEMENT | |
| Title | Kaunseling individu pendekatan : |
| Remainder of title | pemusatan klien rasional emotif tingkah laku terapi tingkah laku |
| 264 #1 - PRODUCTION, PUBLICATION, DISTRIBUTION, MANUFACTURE, AND COPYRIGHT NOTICE | |
| Place of production, publication, distribution, manufacture | Bandar Baru Nilai, Negeri Sembilan : |
| Name of producer, publisher, distributor, manufacturer | Penerbit Universiti Sains Islam Malaysia , |
| Date of production, publication, distribution, manufacture, or copyright notice | 2017 |
| 300 ## - PHYSICAL DESCRIPTION | |
| Extent | vi, 157 pages : |
| Other physical details | illustrations ; |
| Dimensions | 23 cm |
| 336 ## - CONTENT TYPE | |
| Source | rdacontent |
| Content type term | text |
| 337 ## - MEDIA TYPE | |
| Source | rdamedia |
| Media type term | unmediated |
| 338 ## - CARRIER TYPE | |
| Source | rdacarrier |
| Carrier type term | volume |
| 500 ## - GENERAL NOTE | |
| General note | Includes bibliographical references and index. |
| 650 10 - SUBJECT ADDED ENTRY--TOPICAL TERM | |
| Topical term or geographic name entry element | Counseling. |
| 700 ## - ADDED ENTRY--PERSONAL NAME | |
| Relator term | author |
| 942 ## - ADDED ENTRY ELEMENTS (KOHA) | |
| -- | dc |
| Koha item type | Book |
| Withdrawn | Not for loan | Current library | Shelving location | Date acquired | Total Checkouts | Total Renewals | Full call number | Barcode | Date last seen | Date last checked out | Koha item type | Checked out |
|---|---|---|---|---|---|---|---|---|---|---|---|---|
| Perpustakaan Alor Setar | Pinjaman Dewasa | 03/07/2017 | 14 | 4 | 158.30222 AMI | A01524226 | 06/07/2025 | 24/05/2025 | Book | |||
| Perpustakaan Alor Setar | Pinjaman Dewasa | 03/07/2017 | 11 | 5 | 158.30222 AMI | A01524228 | 18/03/2026 | 28/02/2026 | Book | |||
| Perpustakaan Awam Sungai Petani | Pinjaman Dewasa | 03/07/2017 | 5 | 4 | 158.30222 AMI | A01524227 | 24/12/2024 | 30/11/2024 | Book | |||
| Perpustakaan Baling | Pinjaman Dewasa | 03/07/2017 | 3 | 1 | 158.30222 AMI | A01524233 | 14/09/2021 | 03/04/2021 | Book | |||
| Perpustakaan Bandar Baharu | Pinjaman Dewasa | 03/07/2017 | 158.30222 AMI | A01524234 | 09/05/2018 | Book | ||||||
| Perpustakaan Kuala Nerang | Pinjaman Dewasa | 03/07/2017 | 158.30222 AMI | A01524235 | 09/05/2018 | Book | ||||||
| Perpustakaan Kulim | Pinjaman Dewasa | 03/07/2017 | 158.30222 AMI | A01524230 | 09/05/2018 | Book | ||||||
| Perpustakaan Langkawi | Pinjaman Dewasa | 03/07/2017 | 1 | 158.30222 AMI | A01524229 | 12/03/2026 | 12/03/2026 | Book | 02/04/2026 | |||
| Perpustakaan Merbok | Pinjaman Dewasa | 03/07/2017 | 158.30222 AMI | A01524236 | 09/05/2018 | Book | ||||||
| Perpustakaan Pendang | Pinjaman Dewasa | 03/07/2017 | 1 | 1 | 158.30222 AMI | A01524237 | 02/04/2023 | 28/02/2023 | Book | |||
| Perpustakaan Sik | Pinjaman Dewasa | 03/07/2017 | 158.30222 AMI | A01524232 | 09/05/2018 | Book |